[Event "World Chess Olympiad 2018"]
[Site "Batumi"]
[Date "2018.10.03"]
[Round "9"]
[Board "4"]
[WhiteFideId "1701754"]
[White "Westerberg Jonathan"]
[BlackFideId "2300699"]
[Black "Gretarsson Helgi Ass"]
[Result "1-0"]
[LiveChessVersion "1.4.8"]
[BlackElo "2448"]
[WhiteElo "2504"]

1. e4 {[%clk 1:30:42]} e5 {[%clk 1:30:18]} 2. Nf3 {[%clk 1:30:27]} Nc6
{[%clk 1:30:41]} 3. Bc4 {[%clk 1:30:21]} Bc5 {[%clk 1:30:51]} 4. c3
{[%clk 1:30:03]} Nf6 {[%clk 1:31:15]} 5. b4 {[%clk 1:29:52]} Bb6 {[%clk 1:31:38]}
6. d3 {[%clk 1:29:51]} d6 {[%clk 1:32:01]} 7. a4 {[%clk 1:29:34]} a5
{[%clk 1:32:26]} 8. b5 {[%clk 1:29:06]} Ne7 {[%clk 1:32:48]} 9. O-O
{[%clk 1:24:56]} O-O {[%clk 1:31:01]} 10. Nbd2 {[%clk 1:19:46]} Ng6
{[%clk 1:06:52]} 11. Ba2 {[%clk 1:18:11]} c6 {[%clk 1:07:15]} 12. Nc4
{[%clk 1:16:35]} Bc7 {[%clk 1:07:40]} 13. Ba3 {[%clk 1:08:06]} Re8
{[%clk 1:03:50]} 14. Rb1 {[%clk 0:49:58]} h6 {[%clk 0:57:42]} 15. Ne3
{[%clk 0:43:40]} d5 {[%clk 0:56:11]} 16. Qc2 {[%clk 0:42:05]} Be6
{[%clk 0:46:58]} 17. Rfd1 {[%clk 0:36:29]} Bd6 {[%clk 0:33:17]} 18. Bxd6
{[%clk 0:28:15]} Qxd6 {[%clk 0:33:46]} 19. bxc6 {[%clk 0:26:06]} bxc6
{[%clk 0:34:10]} 20. d4 {[%clk 0:25:41]} dxe4 {[%clk 0:21:30]} 21. dxe5
{[%clk 0:22:24]} Qc5 {[%clk 0:21:53]} 22. Bxe6 {[%clk 0:19:37]} Rxe6
{[%clk 0:21:56]} 23. exf6 {[%clk 0:19:47]} exf3 {[%clk 0:22:21]} 24. fxg7
{[%clk 0:19:35]} fxg2 {[%clk 0:22:43]} 25. Rd4 {[%clk 0:15:44]} Qh5
{[%clk 0:21:12]} 26. Qf5 {[%clk 0:14:42]} Qxf5 {[%clk 0:06:05]} 27. Nxf5
{[%clk 0:15:07]} Kh7 {[%clk 0:06:25]} 28. Kxg2 {[%clk 0:13:18]} Rf6
{[%clk 0:06:09]} 29. Ng3 {[%clk 0:13:11]} Nf4+ {[%clk 0:05:42]} 30. Kf1
{[%clk 0:09:48]} Rg8 {[%clk 0:04:42]} 31. Ne4 {[%clk 0:09:36]} Rg6
{[%clk 0:04:36]} 32. Rd6 {[%clk 0:08:01]} Rxd6 33. Nxd6 {[%clk 0:08:30]} Rxg7
{[%clk 0:01:22]} 34. Rb6 {[%clk 0:07:37]} c5 {[%clk 0:00:49]} 35. Ne4
{[%clk 0:07:20]} Ne6 {[%clk 0:00:42]} 36. Rc6 {[%clk 0:07:50]} Kg6
{[%clk 0:00:40]} 37. Nxc5 {[%clk 0:05:55]} Kf5 {[%clk 0:01:09]} 38. Nxe6
{[%clk 0:04:45]} fxe6 {[%clk 0:01:38]} 39. Rc5+ {[%clk 0:04:58]} e5
{[%clk 0:02:02]} 40. Ke2 {[%clk 0:33:27]} Rg2 {[%clk 0:31:55]} 41. Rxa5
{[%clk 0:32:51]} Rxh2 {[%clk 0:32:01]} 42. Ra8 {[%clk 0:33:03]} Ke4
{[%clk 0:22:06]} 43. a5 {[%clk 0:31:20]} Rh3 {[%clk 0:03:06]} 44. Rc8
{[%clk 0:30:24]} Rh1 {[%clk 0:03:34]} 45. Rc4+ {[%clk 0:30:05]} Kd5
{[%clk 0:04:00]} 46. Ra4 {[%clk 0:30:01]} 1-0

[Event "World Chess Olympiad 2018"]
[Site "Batumi"]
[Date "2018.10.03"]
[Round "9"]
[Board "1"]
[WhiteFideId "13600966"]
[White "Mchedlishvili Mikheil"]
[BlackFideId "13504398"]
[Black "Kovalev Vladislav"]
[Result "1/2-1/2"]
[LiveChessVersion "1.4.8"]
[BlackElo "2664"]
[WhiteElo "2607"]

1. d4 {[%clk 1:30:54]} Nf6 {[%clk 1:30:54]} 2. c4 {[%clk 1:31:01]} e6
{[%clk 1:31:20]} 3. g3 {[%clk 1:30:22]} d5 {[%clk 1:31:43]} 4. Nf3
{[%clk 1:29:52]} Be7 {[%clk 1:32:04]} 5. Bg2 {[%clk 1:29:58]} O-O
{[%clk 1:32:28]} 6. O-O {[%clk 1:30:09]} dxc4 {[%clk 1:32:47]} 7. Ne5
{[%clk 1:29:37]} c5 {[%clk 1:32:38]} 8. dxc5 {[%clk 1:29:10]} Qc7
{[%clk 1:33:04]} 9. Nxc4 {[%clk 1:25:53]} Rd8 {[%clk 1:31:57]} 10. Qb3
{[%clk 1:22:32]} Nc6 {[%clk 1:32:01]} 11. Be3 {[%clk 1:21:41]} Nd4
{[%clk 1:32:12]} 12. Bxd4 {[%clk 1:21:27]} Rxd4 {[%clk 1:32:38]} 13. Nba3
{[%clk 1:18:54]} Qxc5 {[%clk 1:32:34]} 14. Rac1 {[%clk 1:14:23]} Rd8
{[%clk 1:31:02]} 15. Qb5 {[%clk 1:00:36]} Rb8 {[%clk 1:28:31]} 16. Qxc5
{[%clk 0:56:08]} Bxc5 {[%clk 1:28:47]} 17. Na5 {[%clk 0:56:02]} Bb6
{[%clk 1:24:31]} 18. N5c4 {[%clk 0:45:50]} Bc5 {[%clk 1:24:11]} 19. Na5
{[%clk 0:45:31]} Bb6 {[%clk 1:24:37]} 20. N5c4 {[%clk 0:45:52]} 1/2-1/2

[Event "World Chess Olympiad 2018"]
[Site "Batumi"]
[Date "2018.10.03"]
[Round "9"]
[Board "2"]
[WhiteFideId "13500139"]
[White "Aleksandrov Aleksej"]
[BlackFideId "2905540"]
[Black "Cheparinov Ivan"]
[Result "0-1"]
[LiveChessVersion "1.4.8"]
[BlackElo "2715"]
[WhiteElo "2602"]

1. d4 {[%clk 1:30:58]} f5 {[%clk 1:30:54]} 2. Nf3 {[%clk 1:28:54]} Nf6
{[%clk 1:31:17]} 3. e3 {[%clk 1:27:39]} g6 {[%clk 1:31:26]} 4. b4
{[%clk 1:27:51]} e6 {[%clk 1:31:49]} 5. a3 {[%clk 1:27:41]} a5 {[%clk 1:31:17]}
6. b5 {[%clk 1:28:00]} b6 {[%clk 1:31:11]} 7. c4 {[%clk 1:23:48]} Bg7
{[%clk 1:31:15]} 8. Bb2 {[%clk 1:23:54]} O-O {[%clk 1:31:04]} 9. Be2
{[%clk 1:06:25]} Bb7 {[%clk 1:29:25]} 10. O-O {[%clk 1:04:49]} Qe7
{[%clk 1:29:21]} 11. Nc3 {[%clk 1:04:19]} d6 {[%clk 1:28:55]} 12. Na4
{[%clk 0:58:14]} Nbd7 {[%clk 1:25:55]} 13. Rc1 {[%clk 0:48:15]} Ne4
{[%clk 1:20:28]} 14. Nd2 {[%clk 0:32:37]} Nxd2 {[%clk 1:17:52]} 15. Qxd2
{[%clk 0:33:04]} Qg5 {[%clk 1:15:14]} 16. g3 {[%clk 0:32:15]} Rad8
{[%clk 1:11:56]} 17. Qc2 {[%clk 0:31:03]} Nf6 {[%clk 0:39:51]} 18. c5
{[%clk 0:27:30]} Be4 {[%clk 0:37:11]} 19. Qb3 {[%clk 0:13:25]} Bd5
{[%clk 0:30:22]} 20. Bc4 {[%clk 0:08:31]} Bf3 {[%clk 0:28:26]} 21. Bxe6+
{[%clk 0:08:46]} Kh8 {[%clk 0:28:53]} 22. e4 {[%clk 0:06:38]} fxe4
{[%clk 0:26:19]} 23. cxb6 {[%clk 0:06:54]} cxb6 {[%clk 0:22:11]} 24. d5
{[%clk 0:07:19]} Rde8 {[%clk 0:19:50]} 25. h4 {[%clk 0:03:12]} Qh5
{[%clk 0:19:59]} 26. Rc7 {[%clk 0:03:32]} g5 {[%clk 0:18:43]} 27. Rfc1
{[%clk 0:03:37]} gxh4 {[%clk 0:14:19]} 28. g4 {[%clk 0:03:11]} Bxg4
{[%clk 0:14:35]} 29. Bxg4 {[%clk 0:03:25]} Qxg4+ {[%clk 0:15:00]} 30. Kh1
{[%clk 0:03:51]} e3 {[%clk 0:14:59]} 0-1

[Event "World Chess Olympiad 2018"]
[Site "Batumi"]
[Date "2018.10.03"]
[Round "9"]
[Board "3"]
[WhiteFideId "13602071"]
[White "Pantsulaia Levan"]
[BlackFideId "13503758"]
[Black "Stupak Kirill"]
[Result "1/2-1/2"]
[LiveChessVersion "1.4.8"]
[BlackElo "2583"]
[WhiteElo "2589"]

1. Nf3 {[%clk 1:30:55]} d5 {[%clk 1:30:56]} 2. g3 {[%clk 1:31:11]} g6
{[%clk 1:31:23]} 3. Bg2 {[%clk 1:31:03]} Bg7 {[%clk 1:31:51]} 4. O-O
{[%clk 1:31:19]} e5 {[%clk 1:32:05]} 5. d3 {[%clk 1:27:25]} Ne7 {[%clk 1:32:31]}
6. e4 {[%clk 1:27:47]} O-O {[%clk 1:28:58]} 7. exd5 {[%clk 1:27:35]} Nxd5
{[%clk 1:29:24]} 8. Re1 {[%clk 1:27:52]} Nc6 {[%clk 1:29:46]} 9. Nc3
{[%clk 1:28:10]} Nde7 {[%clk 1:28:13]} 10. Rb1 {[%clk 1:28:12]} a5
{[%clk 1:28:41]} 11. a4 {[%clk 1:24:03]} h6 {[%clk 1:28:44]} 12. Nb5
{[%clk 1:23:19]} Nf5 {[%clk 1:11:32]} 13. b3 {[%clk 1:09:49]} Re8
{[%clk 0:59:04]} 14. Bb2 {[%clk 1:05:07]} Bd7 {[%clk 0:58:25]} 15. Nd2
{[%clk 0:56:57]} Rb8 {[%clk 0:43:50]} 16. Nc4 {[%clk 0:55:41]} b6
{[%clk 0:41:32]} 17. c3 {[%clk 0:53:43]} Nfe7 {[%clk 0:38:31]} 18. Ba3
{[%clk 0:43:09]} Bf5 {[%clk 0:33:53]} 19. Bxe7 {[%clk 0:42:01]} Nxe7
{[%clk 0:34:22]} 20. Nxe5 {[%clk 0:42:11]} Bxe5 {[%clk 0:34:26]} 21. Rxe5
{[%clk 0:42:33]} Bxd3 {[%clk 0:34:53]} 22. Rb2 {[%clk 0:38:28]} Bxb5
{[%clk 0:35:20]} 23. Rd2 {[%clk 0:38:50]} Qc8 {[%clk 0:35:43]} 24. axb5
{[%clk 0:39:14]} Nf5 {[%clk 0:36:01]} 25. Rxe8+ {[%clk 0:34:28]} Qxe8
{[%clk 0:35:48]} 26. Bc6 {[%clk 0:22:30]} Qe5 {[%clk 0:34:26]} 27. c4
{[%clk 0:22:56]} Nd6 {[%clk 0:31:17]} 28. Re2 {[%clk 0:16:20]} Qf6
{[%clk 0:31:05]} 29. Qe1 {[%clk 0:16:06]} Nf5 {[%clk 0:27:29]} 30. Bd5
{[%clk 0:15:51]} Rd8 {[%clk 0:25:29]} 31. b4 {[%clk 0:10:08]} Kg7
{[%clk 0:19:28]} 32. Kg2 {[%clk 0:06:58]} axb4 {[%clk 0:07:50]} 33. Qxb4
{[%clk 0:07:23]} h5 {[%clk 0:08:10]} 34. h4 {[%clk 0:05:30]} Nd6 {[%clk 0:05:22]}
1/2-1/2

[Event "World Chess Olympiad 2018"]
[Site "Batumi"]
[Date "2018.10.03"]
[Round "9"]
[Board "4"]
[WhiteFideId "13500465"]
[White "Fedorov Alexei"]
[BlackFideId "13602543"]
[Black "Jojua Davit"]
[Result "1/2-1/2"]
[LiveChessVersion "1.4.8"]
[BlackElo "2590"]
[WhiteElo "2568"]

1. e4 {[%clk 1:30:56]} c5 {[%clk 1:30:54]} 2. Nf3 {[%clk 1:31:18]} Nc6
{[%clk 1:31:16]} 3. d4 {[%clk 1:31:21]} cxd4 {[%clk 1:31:41]} 4. Nxd4
{[%clk 1:31:47]} g6 {[%clk 1:32:04]} 5. Nb3 {[%clk 1:29:03]} Bg7 {[%clk 1:31:02]}
6. Be2 {[%clk 1:29:05]} Nf6 {[%clk 1:30:51]} 7. Nc3 {[%clk 1:29:28]} O-O
{[%clk 1:31:16]} 8. O-O {[%clk 1:29:51]} d6 {[%clk 1:31:24]} 9. Bg5
{[%clk 1:29:57]} a6 {[%clk 1:31:31]} 10. f4 {[%clk 1:28:54]} b5 {[%clk 1:30:50]}
11. Bf3 {[%clk 1:28:46]} b4 {[%clk 1:25:21]} 12. Na4 {[%clk 1:27:45]} Qc7
{[%clk 1:22:39]} 13. c4 {[%clk 1:22:34]} Nd7 {[%clk 1:08:22]} 14. Kh1
{[%clk 1:18:33]} Nb6 {[%clk 1:02:30]} 15. Nxb6 {[%clk 1:16:24]} Qxb6
{[%clk 1:02:55]} 16. e5 {[%clk 1:11:35]} dxe5 {[%clk 0:56:42]} 17. Bxe7
{[%clk 1:07:00]} Nxe7 {[%clk 0:56:44]} 18. Bxa8 {[%clk 1:07:22]} exf4
{[%clk 0:56:15]} 19. Qf3 {[%clk 0:56:57]} g5 {[%clk 0:43:43]} 20. Be4
{[%clk 0:49:53]} Bxb2 {[%clk 0:37:32]} 21. Qh5 {[%clk 0:41:04]} h6
{[%clk 0:34:02]} 22. Rad1 {[%clk 0:39:04]} Bg7 {[%clk 0:27:12]} 23. c5
{[%clk 0:34:25]} Qc7 {[%clk 0:17:36]} 24. Rd6 {[%clk 0:32:08]} Nf5
{[%clk 0:17:22]} 25. Bxf5 {[%clk 0:26:06]} Bxf5 {[%clk 0:17:48]} 26. h4
{[%clk 0:23:55]} Qe7 {[%clk 0:13:28]} 27. hxg5 {[%clk 0:17:40]} hxg5
{[%clk 0:13:00]} 28. Rd5 {[%clk 0:17:01]} Qe6 {[%clk 0:09:32]} 29. Rd6
{[%clk 0:16:54]} Qe7 {[%clk 0:09:49]} 30. Rd5 {[%clk 0:14:38]} Qe6
{[%clk 0:06:12]} 31. Rd6 {[%clk 0:15:00]} Qe7 {[%clk 0:06:02]} 1/2-1/2

[Event "World Chess Olympiad 2018"]
[Site "Batumi"]
[Date "2018.10.03"]
[Round "9"]
[Board "1"]
[WhiteFideId "112275"]
[White "Mareco Sandro"]
[BlackFideId "3405400"]
[Black "Morovic Fernandez Ivan"]
[Result "1-0"]
[LiveChessVersion "1.4.8"]
[BlackElo "2501"]
[WhiteElo "2649"]

1. Nf3 {[%clk 1:30:57]} Nf6 {[%clk 1:29:48]} 2. c4 {[%clk 1:31:20]} e6
{[%clk 1:30:14]} 3. b3 {[%clk 1:31:21]} d5 {[%clk 1:29:56]} 4. Bb2
{[%clk 1:31:46]} Be7 {[%clk 1:29:01]} 5. e3 {[%clk 1:29:54]} O-O {[%clk 1:28:49]}
6. Nc3 {[%clk 1:28:45]} c5 {[%clk 1:18:11]} 7. cxd5 {[%clk 1:29:10]} Nxd5
{[%clk 1:17:56]} 8. Qc2 {[%clk 1:29:21]} Nc6 {[%clk 1:05:00]} 9. h4
{[%clk 1:29:43]} Nf6 {[%clk 0:49:20]} 10. a3 {[%clk 1:26:01]} b6 {[%clk 0:42:19]}
11. Ng5 {[%clk 1:11:43]} g6 {[%clk 0:35:08]} 12. h5 {[%clk 1:04:59]} e5
{[%clk 0:20:02]} 13. hxg6 {[%clk 0:54:24]} hxg6 {[%clk 0:20:29]} 14. Bd3
{[%clk 0:50:22]} Kg7 {[%clk 0:18:47]} 15. f4 {[%clk 0:47:46]} Bg4
{[%clk 0:16:05]} 16. Nce4 {[%clk 0:47:10]} Rh8 {[%clk 0:14:06]} 17. O-O
{[%clk 0:46:19]} Nd5 {[%clk 0:08:18]} 18. Nf2 {[%clk 0:38:55]} Bxg5
{[%clk 0:07:13]} 19. Nxg4 {[%clk 0:36:06]} Bxf4 {[%clk 0:07:03]} 20. exf4
{[%clk 0:33:45]} Nd4 {[%clk 0:04:20]} 21. Bxd4 {[%clk 0:31:54]} exd4
{[%clk 0:03:53]} 22. Be4 {[%clk 0:30:26]} f5 {[%clk 0:02:08]} 23. Bxd5
{[%clk 0:25:58]} fxg4 {[%clk 0:01:29]} 24. Qe4 {[%clk 0:24:58]} Re8
{[%clk 0:00:47]} 25. Be6 {[%clk 0:25:01]} Qh4 {[%clk 0:00:40]} 26. f5
{[%clk 0:25:18]} Rh8 {[%clk 0:00:37]} 27. f6+ {[%clk 0:25:27]} Kh6
{[%clk 0:00:53]} 28. Qxg4 {[%clk 0:25:32]} 1-0

[Event "World Chess Olympiad 2018"]
[Site "Batumi"]
[Date "2018.10.03"]
[Round "9"]
[Board "2"]
[WhiteFideId "3409350"]
[White "Henriquez Villagra Cristobal"]
[BlackFideId "108049"]
[Black "Flores Diego"]
[Result "0-1"]
[LiveChessVersion "1.4.8"]
[BlackElo "2621"]
[WhiteElo "2519"]

1. e4 {[%clk 1:30:58]} c5 {[%clk 1:29:54]} 2. Nf3 {[%clk 1:31:22]} e6
{[%clk 1:30:07]} 3. d4 {[%clk 1:31:36]} cxd4 {[%clk 1:30:29]} 4. Nxd4
{[%clk 1:32:02]} a6 {[%clk 1:30:44]} 5. Bd3 {[%clk 1:32:13]} Bc5 {[%clk 1:30:50]}
6. Nb3 {[%clk 1:32:37]} Be7 {[%clk 1:31:15]} 7. Qg4 {[%clk 1:32:16]} g6
{[%clk 1:31:35]} 8. Qe2 {[%clk 1:32:36]} d6 {[%clk 1:31:37]} 9. O-O
{[%clk 1:32:29]} Nd7 {[%clk 1:30:08]} 10. a4 {[%clk 1:32:20]} Ne5
{[%clk 1:29:39]} 11. h3 {[%clk 1:32:38]} Bd7 {[%clk 1:26:19]} 12. Rd1
{[%clk 1:27:15]} Nf6 {[%clk 1:03:08]} 13. Bh6 {[%clk 1:26:41]} Nh5
{[%clk 0:56:54]} 14. f4 {[%clk 1:12:59]} Bf8 {[%clk 0:53:50]} 15. Bxf8
{[%clk 0:46:22]} Nxf4 {[%clk 0:54:01]} 16. Qf1 {[%clk 0:43:53]} Qb6+
{[%clk 0:47:27]} 17. Kh2 {[%clk 0:42:31]} Nfxd3 {[%clk 0:44:38]} 18. Bh6
{[%clk 0:37:00]} Nf2 {[%clk 0:28:09]} 19. a5 {[%clk 0:31:27]} Qa7
{[%clk 0:28:29]} 20. Nc3 {[%clk 0:30:19]} Nfg4+ {[%clk 0:13:56]} 21. hxg4
{[%clk 0:30:18]} Nxg4+ {[%clk 0:14:25]} 22. Kg3 {[%clk 0:21:31]} Nxh6
{[%clk 0:14:48]} 23. Rd4 {[%clk 0:15:19]} f5 {[%clk 0:14:36]} 24. Rad1
{[%clk 0:12:14]} O-O {[%clk 0:14:36]} 25. Rxd6 {[%clk 0:06:38]} fxe4
{[%clk 0:14:18]} 26. Qe2 {[%clk 0:06:12]} Nf5+ {[%clk 0:12:48]} 27. Kh3
{[%clk 0:06:24]} Nxd6 {[%clk 0:09:25]} 28. Rxd6 {[%clk 0:06:53]} Bc6
{[%clk 0:09:18]} 29. Nxe4 {[%clk 0:07:12]} Rae8 {[%clk 0:03:10]} 30. Nbc5
{[%clk 0:04:55]} Qb8 {[%clk 0:02:17]} 31. c4 {[%clk 0:02:10]} Rf4
{[%clk 0:02:26]} 32. Rxc6 {[%clk 0:01:22]} bxc6 {[%clk 0:02:26]} 33. g3
{[%clk 0:01:41]} Rf5 {[%clk 0:02:08]} 34. Nxa6 {[%clk 0:01:35]} Qd8
{[%clk 0:01:02]} 35. b4 {[%clk 0:01:48]} Qd4 {[%clk 0:00:54]} 36. Kg2
{[%clk 0:01:38]} Qe5 {[%clk 0:00:34]} 37. Nac5 {[%clk 0:01:29]} h5
{[%clk 0:00:33]} 38. a6 Kg7 39. Nd3 {[%clk 0:01:14]} Qd4 {[%clk 0:01:12]} 40.
Ndc5 {[%clk 0:30:57]} Qe5 {[%clk 0:30:32]} 41. Qd2 {[%clk 0:27:07]} Re7
{[%clk 0:28:25]} 42. b5 {[%clk 0:26:28]} cxb5 {[%clk 0:25:37]} 43. cxb5
{[%clk 0:26:53]} Rc7 {[%clk 0:22:03]} 44. Qd4 {[%clk 0:21:30]} Qxd4
{[%clk 0:10:43]} 45. Nxe6+ {[%clk 0:21:57]} Kh6 {[%clk 0:10:55]} 46. Nxd4
{[%clk 0:22:23]} Rf8 {[%clk 0:06:07]} 47. g4 {[%clk 0:02:43]} hxg4
{[%clk 0:06:00]} 48. b6 {[%clk 0:03:00]} Rc4 {[%clk 0:05:54]} 49. Ne6
{[%clk 0:00:47]} Rf3 {[%clk 0:05:46]} 50. Nd4 {[%clk 0:00:39]} Ra3
{[%clk 0:04:36]} 51. b7 {[%clk 0:00:55]} Rb4 {[%clk 0:04:59]} 52. Nc6
{[%clk 0:00:33]} Rb2+ {[%clk 0:05:17]} 53. Nf2 {[%clk 0:01:00]} g3
{[%clk 0:05:15]} 0-1

[Event "World Chess Olympiad 2018"]
[Site "Batumi"]
[Date "2018.10.03"]
[Round "9"]
[Board "3"]
[WhiteFideId "105309"]
[White "Peralta Fernando"]
[BlackFideId "3407128"]
[Black "Salinas Herrera Pablo"]
[Result "1/2-1/2"]
[LiveChessVersion "1.4.8"]
[BlackElo "2486"]
[WhiteElo "2569"]

1. d4 {[%clk 1:30:57]} d5 {[%clk 1:30:56]} 2. c4 {[%clk 1:31:16]} e6
{[%clk 1:31:22]} 3. Nf3 {[%clk 1:29:38]} Nf6 {[%clk 1:31:48]} 4. Nc3
{[%clk 1:29:52]} Be7 {[%clk 1:32:06]} 5. Bg5 {[%clk 1:29:59]} O-O
{[%clk 1:32:24]} 6. e3 {[%clk 1:30:21]} Nbd7 {[%clk 1:32:50]} 7. Rc1
{[%clk 1:29:52]} c6 {[%clk 1:33:08]} 8. Bd3 {[%clk 1:29:21]} dxc4
{[%clk 1:33:27]} 9. Bxc4 {[%clk 1:29:47]} Nd5 {[%clk 1:33:51]} 10. Bxe7
{[%clk 1:29:36]} Qxe7 {[%clk 1:34:15]} 11. O-O {[%clk 1:29:27]} Nxc3
{[%clk 1:34:28]} 12. Rxc3 {[%clk 1:29:47]} e5 {[%clk 1:34:52]} 13. Bb3
{[%clk 1:29:33]} e4 {[%clk 1:33:03]} 14. Nd2 {[%clk 1:29:38]} Nf6
{[%clk 1:33:29]} 15. Qb1 {[%clk 1:17:05]} Bf5 {[%clk 1:26:04]} 16. f4
{[%clk 1:07:24]} g6 {[%clk 1:17:52]} 17. h3 {[%clk 1:04:03]} h5 {[%clk 1:17:54]}
18. a3 {[%clk 0:43:09]} Kg7 {[%clk 1:05:47]} 19. Qe1 {[%clk 0:39:43]} Rfc8
{[%clk 1:04:29]} 20. Ba2 {[%clk 0:35:44]} b6 {[%clk 0:48:39]} 21. Qe2
{[%clk 0:31:02]} Rc7 {[%clk 0:46:08]} 22. Rfc1 {[%clk 0:30:51]} Rac8
{[%clk 0:46:34]} 23. Qe1 {[%clk 0:22:09]} Be6 {[%clk 0:42:58]} 24. Bb1
{[%clk 0:21:32]} Bf5 {[%clk 0:42:02]} 25. Ba2 {[%clk 0:21:31]} Be6
{[%clk 0:40:29]} 26. Bxe6 {[%clk 0:20:38]} Qxe6 {[%clk 0:40:55]} 27. b4
{[%clk 0:20:52]} Qd5 {[%clk 0:39:29]} 28. Qe2 {[%clk 0:16:57]} Qe6
{[%clk 0:37:24]} 29. R3c2 {[%clk 0:16:42]} Nd5 {[%clk 0:36:19]} 30. Nc4
{[%clk 0:14:58]} c5 {[%clk 0:34:44]} 31. dxc5 {[%clk 0:14:21]} bxc5
{[%clk 0:35:10]} 32. b5 {[%clk 0:14:32]} a6 {[%clk 0:35:16]} 33. bxa6
{[%clk 0:11:19]} Qxa6 {[%clk 0:35:41]} 34. Rd2 {[%clk 0:08:18]} Rd7
{[%clk 0:33:52]} 35. Qd1 {[%clk 0:06:38]} Rcd8 {[%clk 0:33:18]} 36. Qb3
{[%clk 0:06:29]} Nf6 {[%clk 0:23:51]} 37. Rxd7 {[%clk 0:06:16]} Rxd7
{[%clk 0:24:13]} 38. Ne5 {[%clk 0:06:20]} Rb7 {[%clk 0:24:40]} 39. Qc3
{[%clk 0:05:26]} Qe2 {[%clk 0:24:49]} 40. Re1 {[%clk 0:33:27]} Qa2
{[%clk 0:55:14]} 41. Ra1 {[%clk 0:25:27]} Nd5 {[%clk 0:53:39]} 42. Rxa2
{[%clk 0:24:15]} Nxc3 {[%clk 0:54:04]} 43. Ra1 {[%clk 0:21:55]} Ra7
{[%clk 0:50:54]} 44. Kf2 {[%clk 0:21:22]} Ra4 {[%clk 0:48:10]} 45. Nd7
{[%clk 0:21:09]} Ra5 {[%clk 0:47:49]} 46. Nb6 {[%clk 0:19:35]} Rb5
{[%clk 0:45:46]} 47. Nc4 {[%clk 0:19:46]} Rb3 {[%clk 0:46:11]} 48. Rc1
{[%clk 0:16:44]} h4 {[%clk 0:44:14]} 49. Ke1 {[%clk 0:12:52]} f5 {[%clk 0:42:06]}
50. Rc2 {[%clk 0:10:53]} Na4 {[%clk 0:39:20]} 51. Kf2 {[%clk 0:11:13]} Kf6
{[%clk 0:34:58]} 52. Rd2 {[%clk 0:09:51]} Rc3 {[%clk 0:35:24]} 53. Ne5
{[%clk 0:10:05]} Rxa3 {[%clk 0:34:37]} 54. Rd6+ {[%clk 0:10:18]} Ke7
{[%clk 0:35:02]} 55. Ra6 {[%clk 0:09:20]} Ra2+ {[%clk 0:35:27]} 56. Ke1
{[%clk 0:08:15]} Kd8 {[%clk 0:35:54]} 57. Ra7 {[%clk 0:06:45]} Kc8
{[%clk 0:34:06]} 58. Kf1 {[%clk 0:06:55]} Kb8 {[%clk 0:25:03]} 59. Nc6+
{[%clk 0:07:15]} Kc8 {[%clk 0:25:30]} 60. Ne5 {[%clk 0:07:32]} Kb8
{[%clk 0:22:20]} 61. Nc6+ {[%clk 0:07:45]} 1/2-1/2

[Event "World Chess Olympiad 2018"]
[Site "Batumi"]
[Date "2018.10.03"]
[Round "9"]
[Board "4"]
[WhiteFideId "3406903"]
[White "Garcia Cardenas Pablo"]
[BlackFideId "110973"]
[Black "Pichot Alan"]
[Result "1-0"]
[LiveChessVersion "1.4.8"]
[BlackElo "2562"]
[WhiteElo "2444"]

1. d4 {[%clk 1:30:57]} Nf6 {[%clk 1:30:36]} 2. c4 {[%clk 1:31:24]} e6
{[%clk 1:30:43]} 3. Nc3 {[%clk 1:31:49]} Bb4 {[%clk 1:31:01]} 4. Qc2
{[%clk 1:32:13]} d5 {[%clk 1:31:10]} 5. cxd5 {[%clk 1:32:33]} Qxd5
{[%clk 1:31:29]} 6. e3 {[%clk 1:32:41]} c5 {[%clk 1:31:43]} 7. a3
{[%clk 1:33:00]} Bxc3+ {[%clk 1:31:55]} 8. bxc3 {[%clk 1:33:24]} O-O
{[%clk 1:28:17]} 9. Nf3 {[%clk 1:33:40]} b6 {[%clk 1:26:06]} 10. c4
{[%clk 1:31:36]} Qh5 {[%clk 1:24:56]} 11. Be2 {[%clk 1:29:04]} Bb7
{[%clk 1:23:59]} 12. O-O {[%clk 1:27:52]} Nbd7 {[%clk 1:19:19]} 13. Bb2
{[%clk 1:19:04]} Be4 {[%clk 1:11:25]} 14. Qb3 {[%clk 1:15:36]} Qg6
{[%clk 1:01:05]} 15. Rac1 {[%clk 0:59:45]} cxd4 {[%clk 0:53:21]} 16. exd4
{[%clk 0:59:55]} Qh6 {[%clk 0:51:08]} 17. Rfe1 {[%clk 0:53:53]} Qf4
{[%clk 0:48:34]} 18. g3 {[%clk 0:40:36]} Qf5 {[%clk 0:44:27]} 19. Nh4
{[%clk 0:38:30]} Qg5 {[%clk 0:42:28]} 20. Rcd1 {[%clk 0:34:17]} Qa5
{[%clk 0:29:53]} 21. Bc3 {[%clk 0:27:05]} Qa6 {[%clk 0:29:00]} 22. Qb2
{[%clk 0:27:06]} Qb7 {[%clk 0:25:58]} 23. d5 {[%clk 0:21:34]} exd5
{[%clk 0:24:04]} 24. cxd5 {[%clk 0:21:10]} Rfe8 {[%clk 0:18:08]} 25. Bb5
{[%clk 0:18:10]} Bxd5 {[%clk 0:14:27]} 26. Rxe8+ {[%clk 0:07:10]} Nxe8
{[%clk 0:13:21]} 27. Nf5 {[%clk 0:04:18]} Bh1 {[%clk 0:08:23]} 28. f3
{[%clk 0:01:47]} Qxf3 {[%clk 0:07:53]} 29. Rf1 {[%clk 0:01:23]} Qb7
{[%clk 0:07:42]} 30. Bxd7 {[%clk 0:01:49]} Qxd7 {[%clk 0:08:08]} 31. Kxh1
{[%clk 0:02:15]} f6 {[%clk 0:07:53]} 32. Qd2 {[%clk 0:01:48]} Qe6
{[%clk 0:06:22]} 33. Qe3 {[%clk 0:01:01]} Qxe3 {[%clk 0:06:16]} 34. Nxe3
{[%clk 0:01:30]} Rd8 {[%clk 0:06:41]} 35. Re1 {[%clk 0:00:57]} Rd3
{[%clk 0:06:41]} 36. Nf5 {[%clk 0:01:05]} Nc7 {[%clk 0:06:21]} 37. Bb4
{[%clk 0:00:43]} Nd5 {[%clk 0:05:12]} 38. Re8+ {[%clk 0:00:34]} Kf7
{[%clk 0:05:41]} 39. Rf8+ {[%clk 0:00:31]} Kg6 {[%clk 0:05:58]} 40. Nh4+
{[%clk 0:30:34]} Kh5 {[%clk 0:35:16]} 41. Kg2 {[%clk 0:23:36]} a5
{[%clk 0:25:48]} 42. Be1 {[%clk 0:23:27]} g5 {[%clk 0:14:47]} 43. Nf5
{[%clk 0:22:04]} Kg4 {[%clk 0:15:00]} 44. Ng7 {[%clk 0:20:02]} Ne3+
{[%clk 0:15:16]} 45. Kf2 {[%clk 0:20:27]} Kh3 {[%clk 0:15:01]} 46. Rh8
{[%clk 0:14:29]} Ng4+ {[%clk 0:13:43]} 47. Kg1 {[%clk 0:13:59]} h6
{[%clk 0:10:46]} 48. Nf5 {[%clk 0:13:30]} Nxh2 {[%clk 0:08:20]} 49. Rxh6+
{[%clk 0:10:16]} Kg4 {[%clk 0:08:48]} 50. Rxh2 {[%clk 0:10:01]} Kxf5
{[%clk 0:09:16]} 51. a4 {[%clk 0:06:54]} Ra3 {[%clk 0:05:12]} 52. Rf2+
{[%clk 0:07:19]} Ke5 {[%clk 0:05:25]} 53. Rb2 {[%clk 0:07:35]} Rxa4
{[%clk 0:05:40]} 54. Rxb6 {[%clk 0:04:55]} Ra3 {[%clk 0:03:35]} 55. Kf2
{[%clk 0:04:54]} a4 {[%clk 0:03:37]} 56. Rb5+ {[%clk 0:04:53]} Ke4
{[%clk 0:03:48]} 57. Rb4+ {[%clk 0:05:15]} Ke5 {[%clk 0:03:44]} 58. g4
{[%clk 0:05:34]} Ra2+ {[%clk 0:01:59]} 59. Kf3 {[%clk 0:05:47]} Ra3+
{[%clk 0:01:53]} 60. Ke2 {[%clk 0:05:56]} Kd5 {[%clk 0:00:59]} 61. Rb6
{[%clk 0:04:24]} Ke5 {[%clk 0:01:22]} 62. Rb5+ {[%clk 0:04:37]} Kf4
{[%clk 0:01:28]} 63. Rb4+ {[%clk 0:05:06]} Ke5 {[%clk 0:01:57]} 64. Bd2
{[%clk 0:04:52]} Kd5 {[%clk 0:01:50]} 65. Rb5+ {[%clk 0:02:06]} Ke4
{[%clk 0:02:06]} 66. Ra5 {[%clk 0:01:59]} Ra1 {[%clk 0:01:53]} 67. Ra6
{[%clk 0:01:36]} a3 {[%clk 0:01:48]} 68. Ra4+ {[%clk 0:01:56]} Kd5
{[%clk 0:02:13]} 69. Bc3 {[%clk 0:02:22]} Rg1 {[%clk 0:01:09]} 70. Kf2
{[%clk 0:02:41]} Rc1 {[%clk 0:00:51]} 71. Rxa3 {[%clk 0:02:12]} Rc2+
{[%clk 0:00:32]} 72. Kg3 {[%clk 0:02:12]} Rc1 {[%clk 0:00:37]} 73. Bxf6
{[%clk 0:02:33]} Rg1+ {[%clk 0:01:03]} 74. Kh3 {[%clk 0:02:59]} 1-0